000 00799cab a2200241 4500
001 ABS57911
008 090401t1997 xxu||||| |||| 00| 0 eng d
035 _a(Sirsi) u82346
041 _aeng
100 _aBoniface, S.
245 _aGP surveyors: opportunities exist in conservation work
260 _c1997
350 _a0
490 _aCSM
_bChartered Surveyor Monthly
_v7(3) November/December 1997, 38-39(2)
520 _aLooks at the role of the general practice surveyor in building conservation. Discusses issues and identifies the opportunities which exist.
650 _aACCREDITATION
650 _aBUILDING CONSERVATION
650 _aGENERAL PRACTICE SURVEYORS
650 _aRICS APPRAISAL AND VALUATION MANUAL
690 _aCONSERVATION
942 _n0
948 _c26/11/1997
999 _c51972
_d51972